000 00898cab a2200277 4500
001 WB2929-02
008 090401t1993 xxu||||| |||| 00| 0 eng d
035 _a(Sirsi) u36249
041 _aeng
100 _aMinogue, Ann
245 _aResponsibilities of building defects
260 _c1993
350 _a0
490 _aCSW - The Property Week
_v44(5-6) 29 July 1993-5 August 1993, 52(1)
520 _aConsiders how long a building should last before the contractor is no longer responsible for the defects and asks what the law on limitations should provide.
650 _aBUILDING DEFECTS
650 _aGUARANTEES
650 _aLATENT DAMAGE ACT 1986
650 _aLIABILITY
650 _aLIKIERMAN REPORT
650 _aLIMITATION PERIOD
650 _aPROFESSIONAL INDEMNITY INSURANCE
690 _aBUILT ENVIRONMENT-BUILDING PATHOLOGY
942 _n0
948 _c04/03/1997
999 _c23607
_d23607